000 01088cam a2200301 4500
001 4568077
003 OSt
005 20231103105530.0
008 740903s1973 pk b 001 0 eng
010 _a 73930592
020 _a9839154230
020 _a9839154249
035 _a(DLC) 73930592
040 _aDLC
_cDLC
_dDLC
050 0 0 _aBP134.R35
_bA56
082 0 0 _a297.4
_bANS/Q
100 1 _aAnsari, Muḥammad Fazl al-Rahman
_d1914-
_99819
245 1 4 _aThe Qurʾanic foundations and structure of Muslim society. /
_c, Muḥammad Fazl al-Rahman Ansari
250 _a[1st ed.]
260 _aKaula Lumpuri,
_b Islamic Book Trust
_c2001.
300 _a2 v.
_c25 cm.
504 _aIncludes bibliographical references.
505 0 _av. 1. Principles relating to the foundations of Muslim society.--v. 2. Code relating to the structure of Muslim society.
650 0 _aReligious life
_xIslam
_xQurʼanic teaching.
650 0 _aIslam
_xDoctrines.
906 _a7
_bcbc
_corignew
_d4
_encip
_f19
_gy-gencatlg
942 _2ddc
_cBK
_h297.4
_iANS/Q
_k297.4
_mANS/Q
999 _c42769
_d42769